The Silmarillion / (Record no. 328533)

000 -LEADER
fixed length control field 00955cam a2200265 i 4500
001 - CONTROL NUMBER
control field 2727168
003 - CONTROL NUMBER IDENTIFIER
control field Nust
005 - DATE AND TIME OF LATEST TRANSACTION
control field 20170411123632.0
008 - FIXED-LENGTH DATA ELEMENTS--GENERAL INFORMATION
fixed length control field 780209s1977 enkabfj 001 1 eng
010 ## - LIBRARY OF CONGRESS CONTROL NUMBER
LC control number 77376277
015 ## - NATIONAL BIBLIOGRAPHY NUMBER
National bibliography number GB***
020 ## - INTERNATIONAL STANDARD BOOK NUMBER
International Standard Book Number 9780261102736
Terms of availability £4.95
040 ## - CATALOGING SOURCE
Original cataloging agency DLC
Transcribing agency DLC
Modifying agency DLC
-- OCoLC
-- DLC
050 00 - LIBRARY OF CONGRESS CALL NUMBER
Classification number PZ3.T576
Item number Si
Classification number PR6039.O32
082 00 - DEWEY DECIMAL CLASSIFICATION NUMBER
Classification number 823.912
Author Mark TOL
100 1# - MAIN ENTRY--PERSONAL NAME
Personal name Tolkien, J. R. R.
Fuller form of name (John Ronald Reuel),
Dates associated with a name 1892-1973.
245 14 - TITLE STATEMENT
Title The Silmarillion /
Statement of responsibility, etc. J.R.R. Tolkien ; edited by Christopher Tolkien.
260 ## - PUBLICATION, DISTRIBUTION, ETC.
Place of publication, distribution, etc. London ;
-- Boston :
Name of publisher, distributor, etc. Allen & Unwin,
Date of publication, distribution, etc. 1977.
300 ## - PHYSICAL DESCRIPTION
Extent 443 p.:
Other physical details ill., geneal. tables, maps (1 fold.) ;
Dimensions 23 cm.
500 ## - GENERAL NOTE
General note Includes index.
650 #0 - SUBJECT ADDED ENTRY--TOPICAL TERM
Topical term or geographic name entry element Middle Earth (Imaginary place)
General subdivision Fiction.
650 #0 - SUBJECT ADDED ENTRY--TOPICAL TERM
Topical term or geographic name entry element Fantasy fiction, English.
700 1# - ADDED ENTRY--PERSONAL NAME
Personal name Tolkien, Christopher.
906 ## - LOCAL DATA ELEMENT F, LDF (RLIN)
a 7
b cbc
c orignew
d 3
e ncip
f 19
g y-gencatlg
942 ## - ADDED ENTRY ELEMENTS (KOHA)
Source of classification or shelving scheme
Koha item type Book
Holdings
Withdrawn status Lost status Source of classification or shelving scheme Damaged status Not for loan Permanent Location Current Location Shelving location Date acquired Total Checkouts Total Renewals Full call number Barcode Date last seen Date last checked out Copy number Price effective from Koha item type
          Central Library (CL) Central Library (CL) Fiction 04/11/2017 5 4 823 TOL CL1156 09/06/2024 03/04/2022 1 04/11/2017 Book
© 2023 Central Library, National University of Sciences and Technology. All Rights Reserved.